Human biology

Gorde:
Xehetasun bibliografikoak
Egile nagusia: Mader, Sylvia S.
Formatua: Liburua
Hizkuntza:Undetermined
Argitaratua: Boston, MA McGraw-Hill 2004
Gaiak:
Etiketak: Etiketa erantsi
Etiketarik gabe, Izan zaitez lehena erregistro honi etiketa jartzen!
Thư viện lưu trữ: Trung tâm Học liệu Trường Đại học Cần Thơ
LEADER 00476nam a2200193Ia 4500
001 CTU_61474
008 210402s9999 xx 000 0 und d
020 |c 425000 
082 |a 612 
082 |b M181 
100 |a Mader, Sylvia S. 
245 0 |a Human biology 
245 0 |c Sylvia S. Mader 
260 |a Boston, MA 
260 |b McGraw-Hill 
260 |c 2004 
650 |a Human biology 
904 |i Minh,Hải 
980 |a Trung tâm Học liệu Trường Đại học Cần Thơ